| 000 | 01177nam a2200205Ia 4500 | ||
|---|---|---|---|
| 003 | Ost | ||
| 005 | 20260507074957.0 | ||
| 008 | 260507s9999||||xx |||||||||||||| ||und|| | ||
| 020 | _a9953296774 | ||
| 040 | _cfsecg | ||
| 041 | _aara | ||
| 082 | _a341.75 | ||
| 100 |
_aأوهمي، كينيشي _eمؤلف |
||
| 245 | 0 |
_aالاقتصاد العالمي المرحلة التالية؟ تحديات وفرص في عالم بلا حدود / _c كينيشي أوهمي |
|
| 260 |
_aبيروت: _bالدار العربية للعلوم, _c2006 |
||
| 300 |
_a336 صفحة؛ _bإيضاحات ؛ _c24 سم |
||
| 520 | _aجولة على العالم،العالم بعد غايتس،نهاية علم الاقتصاد،إعادة صياغة علم الاقتصاد،كيف أخرت الدول القومية التطور الاقتصادي،تطوير برامج التكنولوجيا،التكنولوجيا،الثورة البابية تسليم السلع من باب المورد إلى باب المستهلك،سوق المستقبل،المستقبل التكنولوجي،المستقبل الإقليمي | ||
| 653 | _aالاقتصاد الدولي | ||
| 942 | _cكتاب | ||
| 999 |
_c42040 _d42040 |
||